| 000 | 00480nam a2200169 a 4500 | ||
|---|---|---|---|
| 001 | 2455 | ||
| 003 | CDMR | ||
| 005 | 20130930172838.0 | ||
| 008 | 130130s1996||||||||||||||||||||||||||||d | ||
| 020 | _a8486984696 | ||
| 040 |
_aCDMR _bcat _cCDMR |
||
| 100 | 1 |
_aOliva, Llúcia _91836 |
|
| 245 | 1 | 4 |
_aLas noticias en televisión _cLlúcia Oliva y Xavier Sitjà |
| 260 |
_aMadrid _c1996 _bInstituto Oficial de RadioTelevisión Española |
||
| 700 | 1 |
_94014 _aSitjà, Xavier |
|
| 942 |
_cMON _2udc |
||
| 999 |
_c2455 _d2455 |
||